| 000 | 00657nam a22001577a 4500 | ||
|---|---|---|---|
| 003 | OSt | ||
| 005 | 20151021101839.0 | ||
| 008 | 151021b xxu||||| |||| 00| 0 eng d | ||
| 040 | _cRUA | ||
| 082 | _aAVM LON 2010 B095 Or.1 | ||
| 100 |
_92594 _aLONG PISETH |
||
| 245 | _aStudy on gastro-intestinal parasites in cattle in kandalstueng district, kandal province, (ការសិក្សាពីបរាសិតក្នុងក្រពេះពោះវៀនគោ នៅស្រុកកណ្ដាលស្ទឹង ខេត្តកណ្ដាល) | ||
| 260 |
_aphnom penh _brua _c2010 |
||
| 300 |
_aviii, 44p. _bill. _c29cm. |
||
| 942 |
_2ddc _cAVM |
||
| 999 |
_c2440 _d2440 |
||